Herczeg Ferenc székfoglalója a Dugonics-Társaságban [rövid hír]

Elmentve itt :
Bibliográfiai részletek
Dokumentumtípus: Cikk
Megjelent: 1926-03-25
Sorozat:Délmagyarország 2 No. 70
Kulcsszavak:Herczeg Ferenc, Csengery János, Czimer Károly, Irodalomtudomány előadás
Online Access:http://dmarchiv.bibl.u-szeged.hu/31096
LEADER 00503nab a2200145 i 4500
001 delm31096
005 20180927102635.0
008 180927s1926 hu o 0|| hun d
040 |a SZTE Délmagyarország Archívum  |b hun 
041 |a hun 
245 0 0 |a Herczeg Ferenc székfoglalója a Dugonics-Társaságban   |h [elektronikus dokumentum] :  |b [rövid hír] 
260 |c 1926-03-25 
300 |a 7 
490 0 |a Délmagyarország  |v 2 No. 70 
695 |a Herczeg Ferenc, Csengery János, Czimer Károly, Irodalomtudomány előadás